=LDR 00000nam 2200000 4500 =001 INLIS000000000038286 =005 20130612143947 =008 ***********************************Ind** =035 ##$$0010-061300000038286 =041 ##$$a Ind =082 ##$$a 641.8 =090 ##$$a 641.8, Kre k =245 ##$$a Kreasi lemper non lezat, Editor, Intarina Hardiman =260 ##$$a 2010 $b Jakarta =300 ##$$a 55 hlm, Ilus, 21 cm =650 ##$$a Kue(Lemper) =700 ##$$a Hardiman, Intarina =850 ##$$a NBPNMAT